000 00866ngm a2200253 a 4500
005 20220317001340.0
008 161108s2005 ck g 000 0 spa
020 _a1587382458
082 0 4 _a985.019
_bD37m
110 2 _aDiscovery Channel School
_98310
245 1 0 _aMachupichu
_cDiscovery Channel
_hvideodisco digital
250 _a1a. edición
300 _a1 DVD (47 minutos)
_bsonido, color
_c12 cm
490 _aDiscovery Channel
_pEstudios sociales
650 1 4 _2LEMB
_aPerú
_vVideodiscos
_xCivilización
650 1 4 _2LEMB
_aIncas
_vVideodiscos
_xCivilización
650 1 4 _2LEMB
_aCiudades históricas
_vVideodiscos
_zPerú
942 _2ddc
_cDVD
264 _aBogotá
_bMS Tv & Videos
_c2005
336 _atexto
_btxt
_2rdacontent
337 _asin mediación
_bn
_2rdamedia
338 _avolumen
_bnc
_2rdacarrier
040 _aCO-BoRNBP
_bspa
_erda
_cCO-BoRNBP
999 _c6693
_d6693